000 00545cam a2200181 4500500
005 20260329003311.0
041 _afre
042 _adc
100 1 0 _aLequin, Mathilde
_eauthor
245 0 0 _aEmerson. Le sublime ordinaire
260 _c2015.
500 _a37
690 _aEmerson
690 _aÉtats-Unis
690 _aTranscendantalisme
786 0 _nPhilosophie magazine | 89 | 5 | 2015-05-01 | p. 79-79 | 1951-1787
856 4 1 _uhttps://shs.cairn.info/magazine-philosophie-magazine-2015-5-page-79?lang=fr&redirect-ssocas=7080
999 _c1823319
_d1823319